书目信息 |
| 题名: |
儿童语言障碍
|
|
| 作者: | 锜宝香 著 | |
| 分册: | ||
| 出版信息: | 台北 心理出版社股份有限公司 2006 |
|
| 页数: | 333页 | |
| 开本: | 23cm | |
| 丛书名: | 沟通障碍系列 | |
| 单 册: | ||
| 中图分类: | H018.4 | |
| 科图分类: | ||
| 主题词: | 儿童--语言障碍 | |
| 电子资源: | ||
| ISBN: | 957-702-853-5 | |
| 000 | 00921oam2 2200265 450 | |
| 001 | 1571981137 | |
| 005 | 20150131200012.84 | |
| 010 | @a957-702-853-5@dTWD400.00 | |
| 100 | @a20070711e2006 em y0chiy0110 ea | |
| 101 | 0 | @achi |
| 102 | @aCT@b710000 | |
| 105 | @aa z 000yy | |
| 200 | 1 | @a儿童语言障碍@9Er Tong Yu Yan Zhang Ai@e理论、评量与教学@ELi Lun、 Ping Liang Yu Jiao Xue@f锜宝香著@FQi Bao Xiang Zhu |
| 210 | @a台北@c心理出版社股份有限公司@d2006 | |
| 215 | @a333页@c图@d23cm | |
| 225 | 2 | @a沟通障碍系列@v6 |
| 305 | @a本书获原出版者全球繁体中文版出版发行独家授权 | |
| 330 | @a本书主要针对儿童可能出现的语言问题,提出理论介绍以及评量与教学或语言疗育之建议。 | |
| 461 | 0 | @12001 @a沟通障碍系列 |
| 517 | 1 | @a理论、评量与教学@9Li Lun、 Ping Liang Yu Jiao Xue |
| 606 | 0 | @a儿童@x语言障碍 |
| 690 | @aH018.4@v5 | |
| 701 | 0 | @a锜宝香@9Qi Bao Xiang@4著 |
| 801 | 0 | @aCN@bTSSF@c20150131 |
| 905 | @aZUCC@dH018.4@eJY3 | |
| 儿童语言障碍:理论、评量与教学/锜宝香著.-台北:心理出版社股份有限公司,2006 |
| 333页:图;23cm.-(沟通障碍系列;6) |
| ISBN 957-702-853-5:TWD400.00 |
| 本书主要针对儿童可能出现的语言问题,提出理论介绍以及评量与教学或语言疗育之建议。 |
| ● |
| 相关链接 |
|
|
|
|
正题名:儿童语言障碍
索取号:H018.4/JY3
 
预约/预借
| 序号 | 登录号 | 条形码 | 馆藏地/架位号 | 状态 | 备注 |
| 1 | 7864289 | 278642890 | 学院路分馆/ [索取号:H018.4/JY3] | 在馆 |